000
00246nam a2200109Ia 4500
008
220216s9999 xx 000 0 und d
100
_a
Ambily K K
245
0
_a
Nadeelum paricharanavum
260
_b
Rubber
_c
2017
300
_a
15-Nov
942
_c
JS
999
_c
63375
_d
63375